[Event "2023 Eastern Idaho Open"]
[Site "Pocatello, Idaho"]
[Date "2023.09.23"]
[Round "4"]
[White "Belew, Finn"]
[Black "Thomas, Jeremy N"]
[Result "1-0"]
[WhiteElo "1769"]
[BlackElo "1722"]
[Annotator "Ralph Dubisch"]
[PlyCount "129"]
[EventDate "2023.09.23"]
[EventCountry "USA"]
[SourceVersionDate "2023.09.15"]

{[%evp 0,85,30,-18,-10,-59,-21,-24,10,-16,2,5,19,15,19,-9,64,28,49,-18,-9,-5,-1,-6,-1,-53,-20,-28,21,26,20,24,54,47,46,24,29,19,18,2,11,19,41,-11,19,-30,43,11,12,17,119,126,128,54,75,58,42,25,30,-14,39,30,143,134,112,124,180,140,186,189,189,204,212,210,210,210,218,234,237,229,257,263,259,267,314,263,305,228]} 1. c4 Nf6 2. g3 e6 3. Bg2 Be7 4. Nc3 O-O 5. e4 e5 $5 6. Nge2 Nc6 7. O-O Rb8 $6 8. a3 (8. d4) 8... a5 9. f4 $6 Bc5+ 10. Kh1 d6 11. h3 Nd4 12. f5 (12. d3) 12... c6 (12... b5 $5 {, as} 13. Nxd4 exd4 14. Nxb5 c6 {forces White into contortions to attempt to extract the knight:} 15. b4 Bb6 16. Nxd6 Qxd6 17. c5 Qe5 18. cxb6 {, and now} Nxe4 {, with our without ...d3 thrown in first, seems to leave Black with the initiative.}) 13. d3 (13. g4) 13... d5 $6 (13... b5 {starts to justify Black's earlier ...Rb8.}) 14. cxd5 cxd5 15. Bg5 Nxe2 16. Qxe2 d4 17. Nd5 Be7 18. Nxe7+ Qxe7 19. g4 h6 $6 {It's usually a bad idea to offer an oncoming pawn storm a hook that can be used to open attacking lines.} 20. Bd2 Ra8 21. Rf3 $6 ({A slightly awkward square for the rook at this point. Simply} 21. g5 hxg5 22. Bxg5 $16 {, putting the bishop on f3 and rooks to the g-file, is quite hard to counter.}) 21... Nh7 22. Qf2 b5 23. b4 a4 24. h4 g5 $6 ({24...g5 loses, but it's such a worthwhile idea that I can't bring myself to call it a blunder.} 24... Ra6 $5 {might offer some chances to defend, suggesting a transfer to the c-file as well as some extra protection along the sixth rank.The idea behind ...g5 is to blockade the kingside dark squares. If successful, White's attaching prospects on that wing vanish.}) 25. fxg6 ({Strong enough, but even better is} 25. hxg5 $1 hxg5 (25... Nxg5 26. f6 {is similar.}) 26. f6 $3 Qd6 {when there are several ways to win, such as the maneuver Rf1 followed by Qg3-h2-h6. Very cool, though, is} 27. Bxg5 $3 Bxg4 (27... Nxg5 28. Qh4 $1 Nxf3 29. Bxf3 Qxf6 30. Qxf6 $18) 28. Bh6 Bh5 29. Rg1 Bg6 30. Bh3 Ra6 31. Qa2 $1 {. Now, faced with the threat of Rxg6, Black must part with his queen -- although even that offers no relief from the attack.} Qxf6 32. Rxf6 Rxf6 33. Qd5 Re8 34. Qxb5 $18) 25... fxg6 26. Rxf8+ $6 (26. Bxh6 Rxf3 27. Bxf3 $16) 26... Qxf8 27. Qg3 Qg7 28. g5 hxg5 29. hxg5 Nf8 30. Rc1 {The last four or five moves have converted a dominating attacking position for White into a balanced, relatively lifeless technical late middlegame. White will need to win the game all over again.} Nd7 $2 (30... Bd7 31. Rc5 Rc8 $13) (30... Ne6 {, as White's attempt to win the e-pawn gives Black some chances to infiltrate.} 31. Bh3 Bd7 32. Bxe6+ $6 Bxe6 33. Rc5 $6 (33. Rc6 $13) 33... Rf8 34. Kg1 (34. Qxe5 $4 Qh7+ 35. Kg1 Qh3 36. Bf4 Qg4+ 37. Bg3 Qd1+ 38. Kh2 Qe2+ {and mates, to give just one example.}) (34. Rxb5 $4 Qf7 35. Qg2 Qh7+ 36. Kg1 Bh3 $19) 34... Qf7 35. Qg2 (35. Rc1 $2 Qf3 $1 36. Qxf3 Rxf3 37. Rc6 Kf7 $19) 35... Qd7 $15) 31. Bh3 Nb6 32. Rc6 Qh7 33. Kg2 Bxh3+ 34. Qxh3 Nd7 35. Qe6+ Qf7 36. Qxg6+ Qxg6 37. Rxg6+ Kf7 38. Rc6 Rg8 39. Kf3 Rg6 40. Rc7 (40. Rxg6 Kxg6 41. Kg4 $18 {White attacks e5 with the bishop and creates zugswang.}) 40... Ke7 41. Kg4 Kd8 42. Rc1 Ke7 43. Kf5 Kf7 44. Rc7 Rd6 45. Rb7 ({Alternatively,} 45. g6+ Kg7 46. Bg5 {. White can win the knight with a well-timed Be7, if nothing better turns up.}) 45... Ke7 46. Rxb5 Rc6 47. g6 (47. Ra5) 47... Rf6+ 48. Kg4 $6 (48. Kg5 Rf3 (48... Rf1 49. Kh6 $18) 49. Kg4 Rxd3 50. Bg5+ Ke6 51. g7 Kf7 52. Rb7 $18) 48... Rxg6+ 49. Bg5+ Ke8 50. Ra5 Rc6 51. Rxa4 Rc3 52. Ra8+ Kf7 53. Ra7 Ke6 54. Ra6+ Kf7 55. Rd6 Nf8 56. Kf5 Rxa3 57. Kxe5 $6 (57. Bh6 {here avoids some of the possible complications below.}) 57... Rxd3 58. Bh6 ({White avoids} 58. Rxd4 $2 Rxd4 59. Kxd4 Ne6+ {with a draw.}) 58... Ng6+ 59. Kd5 Rd1 60. b5 d3 61. Kc5 Rh1 62. Bg5 (62. Bd2) 62... Rh5 63. Rd5 $2 (63. Rf6+ $1 Kg7 64. Rf5 {, when} d2 $2 ({A sneakier try is} 64... Ne7 $5 {, when} 65. Bxe7 $4 ({The winning idea is} 65. Bf6+ $1 Kh6 66. Rxh5+ Kxh5 67. Bc3 $18 {.}) 65... Rxf5+ 66. exf5 d2 {makes a black queen... though it's still a draw.}) 65. Bxd2 {accomplishes nothing.}) 63... Ne7 64. Re5 d2 $2 (64... Kg6 $1 {is better, and just holds the game, though it isn't instantly obvious why there's such a difference.} 65. Rxe7 Rxg5+ 66. Kc6 (66. e5 Rg2 $1 67. Rd7 Rc2+ $1 {And now:} 68. Kd4 (68. Kd6 Rb2 69. Ke6 Rxb5 70. Rxd3 Kg5 $1) (68. Kb6 d2 69. e6 Kf6 70. e7 Kf7 71. Kb7 Ke8 72. Rd3 Kxe7 73. b6 Ke6 74. Ka7 Ra2+ 75. Kb8 Rb2 76. b7 Ke7 {The famous "building a bridge" of course doesn't work here due to the black d2-pawn.}) 68... d2 69. Ke3 Kf5 70. Rxd2 Rxd2 71. Kxd2 Kxe5 72. Kc3 Kd6 73. Kb4 Kc7 74. Ka5 Kb7) 66... Rg1 ({Or the spectacular} 66... Rd5 $3 {, interfering on the d-file.}) 67. Rd7 Rc1+ $1 (67... Rd1 $2 {is insufficient, though it's educational:} 68. Rd6+ $1 Kg7 69. e5 d2 70. Kd7 $1 {Hiding from checks behind the rook while staying closer to the e-pawn.} Rb1 71. Rxd2 Rxb5 72. e6 Rb7+ {The black rook needs one more file of checking distance. So ironically if the white pawn had been on a5 instead of b5, 72...Ra7+ would now be drawing.} 73. Kd8 Kf6 74. e7 Rb8+ 75. Kd7 Rb7+ 76. Kd6 Rb8 (76... Rb6+ 77. Kc7 Re6 78. Kd8 $18) 77. Rf2+ Kg7 78. Rb2 $1 (78. Rf5 Ra8 79. Ra5 $1 Rxa5 80. e8=Q {may be more efficient.}) 78... Ra8 (78... Rxb2 79. e8=Q $18 {, but White will need to spend some time evading checks, then regrouping, before demonstrating the non-trivial winning technique.}) 79. Ra2 $1 Rb8 80. Kc7 $1 Rh8 81. Kd7 Kf7 82. Rf2+ Kg7 83. e8=Q $18) 68. Kb7 {Hiding in front of the b-pawn doesn't work out.} Rd1 $1 69. b6 d2 70. Kb8 Rb1 (70... Kf6 71. b7 Ke6 72. Rd5 Ke7) 71. Rxd2 Rxb6+ 72. Kc7 Re6 (72... Rb4) 73. Rd6 Kf7 $1 ({But not} 73... Kf6 $4 74. Kd7 Rxd6+ 75. Kxd6 $18)) 65. Rxe7+ {Presumably White next plays Rd7, giving up the bishop but halting the d-pawn, then wins by advancing the b-pawn -- however our scoresheet stops around here.An amazing battle with unseen depths.} 1-0

[Event "Washington Women Championship"]
[Site "Seattle"]
[Date "2023.09.09"]
[Round "1"]
[White "Selina Cheng"]
[Black "Te Wei"]
[Result "0-1"]
[WhiteElo "1417"]
[BlackElo "1565"]
[Annotator "Te Wei"]
[PlyCount "62"]
[EventDate "2023.??.??"]
[SourceVersionDate "2023.09.15"]

1. e4 c6 2. d4 d5 3. exd5 cxd5 4. c4 Nf6 5. Nc3 Nc6 6. Nf3 Bg4 7. Be2 e6 8. O-O dxc4 9. Qa4 Bd6 10. Bg5 O-O 11. Qxc4 Bf5 {h6 or Bf3 might be worth exploring} 12. d5 exd5 13. Nxd5 {Qb5 and Rad1 later could be better} Be6 14. Rfd1 $2 {[%c_effect d1;square;d1;type;Mistake;persistent;true]} Bxd5 15. Rxd5 $2 {[%c_effect d5;square;d5;type;Mistake;persistent;true]} Bxh2+ $3 {[%c_effect h2; square;h2;type;Brilliant;persistent;true] White gave me a chance for the discovered check} 16. Kxh2 Qxd5 17. Qh4 Qe6 18. Bd3 {this leads to fork for the next move} Qd6+ 19. g3 Qxd3 20. Kg2 {good move to counterattack} Qg6 {my king needs more protection} 21. Rh1 Rfe8 22. Be3 Qe4 {I want to trade pieces when I am under attack} 23. Qh2 Ne5 {after this move, white did not have many options and let me break through the king side} 24. Kf1 Qxf3 25. Qh3 Rad8 26. Kg1 Rd1+ 27. Qf1 Rxf1+ 28. Kxf1 Qxh1+ 29. Ke2 Rd8 30. f4 Qf3+ 31. Ke1 Rd1# {[%c_effect g8;square;g8;type;Winner,e1;square;e1;type;CheckmateWhite]} 0-1